Info pages : future classified directory 2013/ 2014.

Bibliographic Details
Format: Book
Published: Klang, Selangor: Infornesco, 2013.
Subjects:
LEADER 00558cam a2200157 7i4500
001 0000030326
005 20131001090000.0
090 0 0 |a M 338.7025   |b INF 
245 0 0 |a Info pages :   |b future classified directory 2013/ 2014. 
260 0 0 |a Klang, Selangor:   |b Infornesco,   |c 2013. 
300 # # |a 960 p. 
650 0 0 |a Business --   |x Directories --   |z Malaysia  
650 0 0 |a Business --   |x Yellowpages --   |z Malaysia  
651 0 0 |a Malaysia  
999 |a 0000032874  |b Directories  |c Malaysia  |e Business Information Centre 
999 |a 0000032873  |b Directories  |c Malaysia  |e Business Information Centre